| LEADER | 00992cam a2200229 a 4500 | ||
|---|---|---|---|
| 001 | u742700 | ||
| 003 | SIRSI | ||
| 008 | 981209s2007 my a t eng m | ||
| 035 | |a a742700 | ||
| 040 | |a UMP | ||
| 096 | |a WA20.5 |b UM 2007 Thi | ||
| 100 | 0 | |a Thilaka Chinnayah. | |
| 245 | 1 | 0 | |a Prevalence and risk factors of workplace violence among staff nurses at Selayang Hospital,Selangor / |c Thilaka Chinnayah |
| 260 | 0 | |c 2007. | |
| 300 | |a xii, 91 leaves : |b ill. ; |c 30 cm. | ||
| 500 | |a A thesis submitted as partial fulfilment for the Degree of Master of Public Health,(Occupational health) 2007. | ||
| 502 | 0 | 0 | |a Dissertation (M.P.H) - Department of Social and Preventive Medicine, Faculty of Medicine. University of Malaya, 2007. |
| 504 | |a Bibliography : pp 74-81. | ||
| 650 | 2 | |a Violence. | |
| 710 | 2 | 0 | |a Universiti Malaya. |b Jabatan Perubatan Kemasyarakatan dan Pencegahan. |
| 596 | |a 2 | ||
| 999 | |a WA20.5 UM 2007 THI |w NLM |c 1 |i A502933553 |d 13/8/2007 |f 13/8/2007 |g 1 |l TESIS |m P02MEDKL |r Y |s Y |t TESIS |u 13/8/2007 | ||
